000 00717nam a2200265Ia 4500
003 OSt
005 20220926012105.0
006 a|||||r|||| 00| 0
007 ta
008 220923b |||||||| |||| 00| 0 eng d
020 _a0912752033
037 _cGeneral Book
040 _aRTL
_cRTL
_beng
041 _2eng
_aeng
082 _aU47, L3
100 _aGill Don
_9315477
245 0 _aNature in the Urban Landscape
260 _aNew York
_bBaltimore U S A
_c1973
300 _axii,209p
_ccm.
500 _aBib p. 197-204
650 _aHuman Geography
_91464
700 _a Bonnett Penelope
_9315478
942 _hU47, L3
_cGB
_2CC
999 _c621657
_d621657